000 01042 a2200205 4500
001 22682
005 20260407155517.0
008 260407a1988 arg spa d
003 AR-UNSa-BCEJYS
040 _aAR-UNSa-BCEJYS
_bspa
_cAR-UNSa-BCEJYS
080 _a338.43
_xAgricultura como una rama de la economía. Economía de los productos alimenticios
245 1 0 _aDesarrollo rural y medio ambiente en América Latina
020 _a950-25-1327-4
264 1 _aBuenos Aires :
_bCentro Editor de America Latina
_c1988
300 _a133 p.
_c21 cm.
505 _a1. La problemática rural, un área de invetigación ambiental prioritaria en América Latina - 2. La evolución de la agricultura y la problemática ambietal en los años recientes - 3. Para una tipología de productores rurales en América Latina - 4. Articulación de sociedad y naturaleza en la producción rural - 5. El medio ambiente rural en la frontera tropical - 6. Conclusiones.
942 _cBK
590 _aniveau_biblio:m niveau_hierar:0
100 1 _aGutman, Pablo
999 _c1043
_d1043